[Event "Detroit (MI Op/2/37)"]
[Site "?"]
[Date "1994.??.??"]
[Round "?"]
[White "LaForge, Tom"]
[Black "Randel, D."]
[Result "1-0"]
[WhiteElo "1950"]
[BlackElo "1730"]
[PlyCount "35"]
[EventDate "1994.??.??"]

{2/(37)} 1. e4 c5 2. Nf3 Nc6 3. c3 e5 4. d4 cxd4 5. cxd4 exd4 6. Nxd4 Nf6 7.
Nc3 g6 8. Bg5 Bg7 9. Nxc6 dxc6 10. Qxd8+ Kxd8 11. e5 Re8 12. O-O-O+ Bd7 13.
exf6 Bf8 14. Bc4 Bc5 15. Bxf7 Re5 16. f4 Re3 17. f5 Re5 18. Be6 1-0

[Event "Eastpointe (EDO/2/11)"]
[Site "?"]
[Date "1994.??.??"]
[Round "?"]
[White "LaForge, Tom"]
[Black "Manion, Tom"]
[Result "1-0"]
[WhiteElo "1980"]
[BlackElo "1805"]
[PlyCount "72"]
[EventDate "1994.??.??"]

{2/(11)} 1. e4 e5 2. Bc4 Nf6 3. d3 Nc6 4. Nf3 Bc5 5. O-O O-O 6. Bg5 h6 7. Bh4
Be7 8. Re1 d6 9. c3 Nh7 10. Bg3 Bg4 11. b4 Bf6 12. Nbd2 Ng5 13. a4 a5 14. b5
Ne7 15. Qe2 Ng6 16. Qe3 Nf4 17. d4 Nge6 18. Rad1 Bg5 19. Nxg5 Qxg5 20. f3 Bh5
21. Kh1 Rad8 22. Qf2 Ng6 23. Nf1 Nef4 24. Ne3 Kh8 25. Nf5 d5 26. Ba2 dxe4 27.
Nh4 exf3 28. Nxf3 Bxf3 29. Qxf3 exd4 30. cxd4 c6 31. bxc6 bxc6 32. Qxc6 Rc8 33.
Qe4 Nh5 34. Bd6 f5 35. Qf3 Rfd8 36. Be6 Nh4 {[Remainder illegible; 1-0, 50?]}
1-0

[Event "Flint (MI Senior/2/4)"]
[Site "?"]
[Date "1994.??.??"]
[Round "?"]
[White "LaForge, Tom"]
[Black "Foord, Allan"]
[Result "1-0"]
[WhiteElo "1980"]
[BlackElo "1615"]
[PlyCount "67"]
[EventDate "1994.??.??"]

{2/(4)} 1. e4 c5 2. c3 Nc6 3. d4 cxd4 4. cxd4 Nf6 5. Nc3 e6 6. e5 Nd5 7. Nxd5
exd5 8. Nf3 Bb4+ 9. Bd2 Qa5 10. Bd3 Bxd2+ 11. Qxd2 Qxd2+ 12. Kxd2 O-O 13. Rae1
a5 14. Re3 a4 15. Ra1 b6 16. h3 h6 17. Bb5 Bb7 18. Bxc6 dxc6 19. Ne1 Rac8 20.
Nd3 Rc7 21. f4 g6 22. g4 Kg7 23. f5 gxf5 24. gxf5 Kh7 25. Nf4 Rcc8 26. Nh5 c5
27. Nf6+ Kh8 28. Rg3 cxd4 29. Rag1 b5 30. Rg7 Rc2+ 31. Kxc2 Rc8+ 32. Kd2 Rc2+
33. Kxc2 d3+ 34. Kxd3 1-0

[Event "Flint (MI Senior/3/2)"]
[Site "?"]
[Date "1994.??.??"]
[Round "?"]
[White "LaForge, Tom"]
[Black "Finegold, Ron"]
[Result "0-1"]
[WhiteElo "1980"]
[BlackElo "2210"]
[PlyCount "56"]
[EventDate "1994.??.??"]

{3/(2)} 1. e4 e6 2. d4 c5 3. Nf3 d5 4. Nc3 cxd4 5. Qxd4 Nc6 6. Bb5 Bd7 7. Bxc6
bxc6 8. exd5 cxd5 9. O-O Nf6 10. Re1 Be7 11. b3 O-O 12. Bb2 Rc8 13. Re2 Bc5 14.
Qe5 h6 15. a4 a6 16. Rd1 Qc7 17. h3 Rfd8 18. Qxc7 Rxc7 19. Ne5 Rdc8 20. Nb1 Bf8
21. Rc1 Ne4 22. c4 Nf6 23. Rec2 dxc4 24. Rxc4 Rxc4 25. Rxc4 Rb8 26. Nxd7 Nxd7
27. Nd2 Nc5 28. Rc3 Nxa4 0-1

[Event "Detroit (MI Op/5/21)"]
[Site "?"]
[Date "1994.??.??"]
[Round "?"]
[White "LaForge, Tom"]
[Black "Clark, K."]
[Result "0-1"]
[WhiteElo "1950"]
[BlackElo "2035"]
[PlyCount "134"]
[EventDate "1994.??.??"]

{5/(21)} 1. e4 e5 2. Bc4 Nf6 3. d3 c6 4. Nf3 Be7 5. O-O d6 6. c3 O-O 7. Nbd2
Nbd7 8. Re1 b5 9. Bb3 Nc5 10. Bc2 Qc7 11. Nf1 Bb7 12. Ng3 Rfd8 13. Nf5 Bf8 14.
Bg5 Ncd7 15. Qd2 h6 16. Bxh6 gxh6 17. Nxh6+ Bxh6 18. Qxh6 Nh7 19. Nh4 Kh8 20.
Re3 Rg8 21. Rh3 Ndf6 22. Nf5 Rg6 23. Qh4 Rag8 24. Rg3 Rg4 25. Rxg4 Rxg4 26. Qh3
Bc8 27. Re1 Bxf5 28. exf5 Kg7 29. Bd1 Rg5 30. Kf1 Nd5 31. g4 Kg8 32. Qg3 f6 33.
h4 Rg7 34. Bb3 Kf8 35. Bxd5 cxd5 36. Qg2 Qb7 37. f3 Qf7 38. Qc2 Qb7 39. Qb3 d4
40. Kf2 dxc3 41. bxc3 Rc7 42. Kg3 a6 43. Qe6 Qc6 44. Rc1 Re7 45. Qb3 d5 46. Qb4
Kf7 47. c4 e4 48. fxe4 Qc7+ 49. Kf3 Qh2 50. cxd5 Qxh4 51. d6 Ng5+ 52. Ke3 Qg3+
53. Kd2 Nf3+ 54. Kd1 Rd7 55. Qb3+ Kg7 56. Rc7 Qg1+ 57. Kc2 Nd4+ 58. Kb2 Nxb3
59. Rxd7+ Kf8 60. axb3 Qd4+ 61. Kc2 Ke8 62. Re7+ Kd8 63. Kd2 a5 64. Rb7 a4 65.
bxa4 bxa4 66. Rb8+ Kd7 67. Ra8 a3 0-1

[Event "Eastpointe (US Am N/2/25)"]
[Site "?"]
[Date "1994.??.??"]
[Round "?"]
[White "LaForge, Tom"]
[Black "Carpenter, O."]
[Result "1-0"]
[WhiteElo "1980"]
[BlackElo "1605"]
[PlyCount "93"]
[EventDate "1994.??.??"]

{2/(25)} 1. e4 g6 2. d4 d6 3. c4 Bg7 4. Nc3 Nf6 5. f3 O-O 6. Be3 e5 7. d5 Nbd7
8. Nh3 h6 9. Qd2 Kh7 10. Nf2 a5 11. Nd3 b6 12. Be2 Ba6 13. b3 Qc8 14. O-O Nh5
15. g4 Nhf6 16. Bxh6 Bxh6 17. g5 Bg7 18. gxf6 Bh6 19. Qe1 Be3+ 20. Kh1 Nxf6 21.
f4 Kg7 22. fxe5 Ng4 23. Bxg4 Qxg4 24. Qxe3 Rh8 25. Qf4 Rxh2+ 26. Qxh2 Rh8 27.
Rxf7+ Kxf7 28. Qxh8 Qf3+ 29. Kh2 Bc8 30. Qf6+ Qxf6 31. exf6 Kxf6 32. Rf1+ Kg7
33. e5 dxe5 34. Nxe5 Bf5 35. Rxf5 gxf5 36. Nb5 Kf6 37. Nc6 f4 38. Nxc7 f3 39.
d6 f2 40. Kg2 Kf7 41. d7 b5 42. d8=Q f1=Q+ 43. Kxf1 a4 44. Ne5+ Kg7 45. Ne6+
Kh6 46. Qg5+ Kh7 47. Qg7# 1-0

[Event "Detroit (Class DE/2/10)"]
[Site "?"]
[Date "1994.??.??"]
[Round "?"]
[White "LaFerriere, Larry"]
[Black "Miller, J."]
[Result "0-1"]
[WhiteElo "1605"]
[BlackElo "1605"]
[PlyCount "128"]
[EventDate "1994.??.??"]

{2/(10)} 1. e4 e6 2. d4 d5 3. e5 c5 4. Nf3 Nc6 5. Bb5 Nge7 6. Bxc6+ Nxc6 7. O-O
Qb6 8. Be3 Qxb2 9. Nbd2 Qb6 10. c3 c4 11. Rb1 Qc7 12. Re1 Be7 13. Bg5 h6 14.
Bxe7 Nxe7 15. Qa4+ Bd7 16. Qb4 b6 17. Qa3 O-O 18. Nh4 f6 19. Qxe7 Rf7 20. Qa3
fxe5 21. dxe5 Qd8 22. Nhf3 Qc7 23. Qd6 Qb7 24. a3 Raf8 25. Re3 Qc8 26. h3 Bc6
27. Rc1 a5 28. Rb1 Rd8 29. Qxd8+ Qxd8 30. Nd4 Bd7 31. g3 Qf8 32. Re2 Qxa3 33.
Re3 Qf8 34. Rf1 a4 35. Nc2 b5 36. f4 Qc5 37. Kf2 Bc6 38. Rfe1 Ra7 39. g4 a3 40.
f5 exf5 41. gxf5 Rf7 42. Nd4 a2 43. Rg1 Qa3 44. Nc2 Rxf5+ 45. Ke2 Qf8 46. Rf3
Rxe5+ 47. Kd1 Qa8 48. Na1 Qa4+ 49. Kc1 Qa3+ 50. Kc2 b4 51. cxb4 Ba4+ 52. Ndb3
cxb3+ 53. Rxb3 Bxb3+ 54. Nxb3 Qxb4 55. Rg2 Qe4+ 56. Kc3 Qxg2 57. Kd4 Qb2+ 58.
Kc5 Qxb3 59. Kd6 Qb8+ 60. Kc5 a1=Q 61. Kc6 Qd8 62. h4 Qc1+ 63. Kb5 Qb8+ 64. Ka5
Qa1# 0-1

[Event "Detroit (Class DE/5/12)"]
[Site "?"]
[Date "1994.??.??"]
[Round "?"]
[White "Kyser, Bob"]
[Black "Raupp, Christine"]
[Result "0-1"]
[WhiteElo "1605"]
[BlackElo "1605"]
[PlyCount "66"]
[EventDate "1994.??.??"]

{5/(12)} 1. e4 e6 2. Nf3 d5 3. exd5 exd5 4. d4 Nf6 5. Nc3 Bb4 6. Bd2 Nc6 7. a3
Bxc3 8. Bxc3 Bg4 9. Be2 Bxf3 10. Bxf3 O-O 11. O-O Re8 12. b4 Ne4 13. Bb2 Re6
14. Bg4 Rg6 15. Bf5 Rh6 16. Bxe4 dxe4 17. d5 Qd6 18. g3 Ne7 19. c4 Nf5 20. Bc1
Rg6 21. Bf4 Qxf4 22. Kh1 Qh6 23. Ra2 e3 24. Rg1 Kf8 25. Qd3 exf2 26. Rxf2 Ne3
27. Rf3 Ng4 28. h4 Ne5 29. Rxf7+ Kxf7 30. d6 Nxd3 31. dxc7 Rc8 32. Rf1+ Kg8 33.
Rf3 Ne5 0-1

[Event "Detroit (Class DE/1/15)"]
[Site "?"]
[Date "1994.??.??"]
[Round "?"]
[White "Kyser, Bob"]
[Black "Kenworthy, Matt"]
[Result "0-1"]
[WhiteElo "1605"]
[BlackElo "1605"]
[PlyCount "60"]
[EventDate "1994.??.??"]

{1/(15)} 1. e4 e5 2. Nf3 Nf6 3. Nc3 Nc6 4. d4 Bb4 5. dxe5 Nxe4 6. Qd3 Nxc3 7.
bxc3 Bc5 8. Be2 Qe7 9. Bf4 O-O 10. O-O h6 11. Rfe1 Rd8 12. Bd1 Re8 13. Nd4 f6
14. Bh5 Rf8 15. Nf5 Qe6 16. Bxh6 fxe5 17. Bg4 gxh6 18. h3 h5 19. Nd4 Qf6 20.
Bf5 exd4 21. Qc4+ Kg7 22. Qxc5 d6 23. Qd5 Bxf5 24. Qf3 Qh4 25. Kh2 Bxc2 26.
Qg3+ Qxg3+ 27. Kxg3 dxc3 28. Rac1 Nd4 29. Re7+ Rf7 30. Re4 Bxe4 0-1

[Event "Detroit (Class DE/3/21)"]
[Site "?"]
[Date "1994.??.??"]
[Round "?"]
[White "Kyser, Bob"]
[Black "Felton, H."]
[Result "1-0"]
[WhiteElo "1605"]
[BlackElo "1605"]
[PlyCount "119"]
[EventDate "1994.??.??"]

{3/(21)} 1. e4 c5 2. Nf3 d6 3. d4 cxd4 4. Nxd4 Nf6 5. Nc3 a6 6. Bd3 Nc6 7. Nf3
e5 8. Ne2 Be7 9. c3 O-O 10. a4 Be6 11. O-O d5 12. Ng5 Qc8 13. Nxe6 Qxe6 14. f3
Rfd8 15. Qc2 h6 16. b4 b5 17. a5 d4 18. Ra3 Rac8 19. Bb2 Qd7 20. f4 Qa7 21. Kh1
Qb8 22. Qd2 Nd7 23. Rf3 exf4 24. Qxf4 Qxf4 25. Nxf4 Nde5 26. Nd5 Nxf3 27. gxf3
Bg5 28. f4 Bf6 29. Ra1 Re8 30. Rg1 dxc3 31. Nxf6+ Kf8 32. Nxe8 Rxe8 33. Bxc3
Ne7 34. Bxg7+ Kg8 35. Bxh6+ Kh7 36. Bg5 Ng6 37. e5 Rc8 38. Bxg6+ fxg6 39. Be7
Rc6 40. h4 Rc4 41. Rf1 Kg7 42. Kg2 Kf7 43. Bd6 Rc2+ 44. Rf2 Rxf2+ 45. Kxf2 Ke6
46. Kg3 Kf5 47. Bc7 Ke6 48. Kg4 Kf7 49. Kg5 Kg7 50. Bd6 Kf7 51. h5 gxh5 52.
Kxh5 Ke6 53. Kg6 Kd7 54. Kf7 Kc8 55. e6 Kd8 56. e7+ Kd7 57. Bc5 Kc6 58. e8=Q+
Kb7 59. Bd6 Ka7 60. Qb8# 1-0

[Event "Detroit (Class A/4/6)"]
[Site "?"]
[Date "1994.??.??"]
[Round "?"]
[White "Kung, Fred"]
[Black "Triplett, Thomas"]
[Result "1/2-1/2"]
[WhiteElo "1835"]
[BlackElo "1970"]
[PlyCount "132"]
[EventDate "1994.??.??"]

{4/(6)} 1. e4 c5 2. Nf3 d6 3. d4 cxd4 4. Nxd4 Nf6 5. Nc3 a6 6. Bg5 e6 7. f4 b5
8. Qf3 Bb7 9. Bd3 Be7 10. O-O-O Qb6 11. Rhe1 Nc6 12. Bxf6 Bxf6 13. Nxc6 Bxc6
14. Nd5 Qa5 15. Nxf6+ gxf6 16. Kb1 O-O-O 17. Qe2 Kb7 18. e5 Bd5 19. b3 f5 20.
g4 fxg4 21. Qxg4 dxe5 22. fxe5 h5 23. Qf4 Qc7 24. h4 Qe7 25. c4 bxc4 26. Bxc4
Rhg8 27. Bxd5+ Rxd5 28. Qf3 Rg4 29. Rxd5 exd5 30. Qxd5+ Ka7 31. Rf1 Rg7 32. Rf6
Qc7 33. Rc6 Qe7 34. Qd6 Rg1+ 35. Kb2 Qxd6 36. exd6 Rd1 37. Rc7+ Kb6 38. Rxf7
Rxd6 39. Rf5 Rh6 40. b4 Kc6 41. a4 Kb7 42. Kb3 Kc6 43. Kc4 Kb6 44. Kd5 Kc7 45.
Re5 Rd6+ 46. Kc4 Rh6 47. Rc5+ Kb6 48. Rg5 Rc6+ 49. Kd5 Rh6 50. Re5 Kb7 51. Re6
Rh8 52. Re5 Rd8+ 53. Ke4 Rg8 54. Kd5 Rd8+ 55. Kc4 Rc8+ 56. Rc5 Rh8 57. b5 axb5+
58. axb5 Rh6 59. Kb4 Kb6 60. Rg5 Kb7 61. Kc5 Rh7 62. Rg6 Rc7+ 63. Rc6 Rh7 64.
b6 Rf7 65. Rh6 Rf5+ 66. Kd6 Kxb6 1/2-1/2

[Event "Eastpointe (EDO/2/2)"]
[Site "?"]
[Date "1994.??.??"]
[Round "?"]
[White "Kung, Fred"]
[Black "Thompson, Dexter"]
[Result "0-1"]
[WhiteElo "1935"]
[BlackElo "2240"]
[PlyCount "64"]
[EventDate "1994.??.??"]

{2/(2)} 1. e4 e6 2. d4 d5 3. e5 c5 4. c3 Nc6 5. Nf3 Qb6 6. Be2 Nh6 7. b3 cxd4
8. cxd4 Nf5 9. Bb2 Bb4+ 10. Kf1 h5 11. g3 Bd7 12. Qd3 a6 13. Nbd2 Nce7 14. Rc1
Bb5 15. Qb1 Bxd2 16. Nxd2 Nxd4 17. Bxb5+ Qxb5+ 18. Kg2 Nec6 19. Rhe1 h4 20. h3
g6 21. a4 Qb4 22. Qd3 hxg3 23. fxg3 Nf5 24. Nf3 Kd7 25. Re4 Qxe4 26. Qxe4 dxe4
27. Ng5 Raf8 28. Ba3 Nxe5 29. Bxf8 Rxf8 30. Nxe4 Rc8 31. Nf6+ Kd8 32. Rd1+ Ke7
0-1

[Event "Ann Arbor (MLS Jul-Aug)"]
[Site "?"]
[Date "1994.??.??"]
[Round "?"]
[White "Kung, Fred"]
[Black "Santiago, Reynaldo"]
[Result "0-1"]
[WhiteElo "1905"]
[BlackElo "1980"]
[PlyCount "80"]
[EventDate "1994.??.??"]

1. e4 c5 2. Nf3 Nf6 3. Nc3 e6 4. d4 cxd4 5. Nxd4 Nc6 6. Ndb5 d6 7. Bf4 e5 8.
Bg5 a6 9. Na3 Be7 10. Bxf6 Bxf6 11. Nd5 b5 12. c3 O-O 13. Nc2 Bg5 14. Bd3 Be6
15. Nce3 g6 16. Bc2 Ne7 17. O-O Bxe3 18. Nxe3 d5 19. exd5 Nxd5 20. Nxd5 Bxd5
21. Qg4 f5 22. Qg3 Qf6 23. f3 Rae8 24. Qf2 Re7 25. Qc5 Bb7 26. Rad1 Rc8 27. Qd6
Kg7 28. Qxf6+ Kxf6 29. Rd6+ Kg5 30. Rfd1 Rcc7 31. g3 Bxf3 32. R1d2 Bb7 33. Kf2
e4 34. h4+ Kg4 35. Bd1+ Kh3 36. Ke3 Kxg3 37. Be2 f4+ 38. Kd4 f3 39. Bf1 e3 40.
Rd3 Kf2 0-1

[Event "Ann Arbor (MLS Jul-Aug)"]
[Site "?"]
[Date "1994.??.??"]
[Round "?"]
[White "Kung, Fred"]
[Black "Lindsey, P."]
[Result "1-0"]
[WhiteElo "1905"]
[BlackElo "1605"]
[PlyCount "94"]
[EventDate "1994.??.??"]

1. e4 c5 2. Nf3 e6 3. d4 cxd4 4. Nxd4 a6 5. c4 Nf6 6. Nc3 Bb4 7. Bd3 O-O 8. O-O
Qc7 9. Bd2 Qd6 10. Be3 Bc5 11. Nc2 b6 12. Qe2 Nc6 13. Rad1 e5 14. a3 Nd4 15.
Bxd4 Bxd4 16. Nxd4 exd4 17. Nd5 Re8 18. Qf3 Nxd5 19. exd5 Bb7 20. Rfe1 Re6 21.
Qh3 Rh6 22. Qg3 Qxg3 23. hxg3 Kf8 24. Re4 f5 25. Re5 Re8 26. Rxe8+ Kxe8 27.
Bxf5 d6 28. Rxd4 Rf6 29. Bxh7 g6 30. Bg8 Bc8 31. Re4+ Kf8 32. Be6 Bxe6 33. Rxe6
Rxe6 34. dxe6 Ke7 35. f4 Kxe6 36. Kf2 d5 37. cxd5+ Kxd5 38. Ke3 a5 39. g4 b5
40. Kd3 Ke6 41. Kd4 Kf6 42. Kc5 g5 43. f5 Ke5 44. Kxb5 Kf4 45. f6 Kxg4 46. f7
Kg3 47. f8=Q Kxg2 1-0

[Event "Detroit (Class A/2/7)"]
[Site "?"]
[Date "1994.??.??"]
[Round "?"]
[White "Kung, Fred"]
[Black "Aldrich, Jeff"]
[Result "1-0"]
[WhiteElo "1815"]
[BlackElo "1950"]
[PlyCount "113"]
[EventDate "1994.??.??"]

{2/(7)} 1. e4 c6 2. d4 d5 3. Nc3 dxe4 4. Nxe4 Nd7 5. Bc4 e6 6. Ng5 Nb6 7. Bd3
Qxd4 8. N1f3 Qd5 9. Qe2 h6 10. Nxf7 Kxf7 11. Ne5+ Kf6 12. Bd2 Bc5 13. Ng6 Ne7
14. Bc3+ Kf7 15. Nxh8+ Kg8 16. Qg4 e5 17. Qg3 Kxh8 18. Bxe5 Qf7 19. Qh4 Kg8 20.
O-O Be6 21. a3 Ng6 22. Bxg6 Qxg6 23. b4 Bd5 24. Bg3 Bd6 25. Rad1 Rf8 26. Rd4 h5
27. c4 Bxg3 28. hxg3 Bf7 29. Re1 Qc2 30. c5 Nd5 31. Qe4 Qxe4 32. Rdxe4 Kh7 33.
Kh2 Bg6 34. R4e2 Kh6 35. f4 Bf5 36. Re8 Rf7 37. Kg1 Nc3 38. Ra8 a6 39. Rh8+ Kg6
40. Kf2 Nb5 41. Re3 Rd7 42. Rb8 Nc7 43. Rxb7 Nd5 44. Rxd7 Nxe3 45. Rd6+ Kf7 46.
Kxe3 Ke7 47. Rxc6 Kd7 48. Rxa6 Kc7 49. Rb6 Bc2 50. Kf2 g6 51. Ke3 Kc8 52. Kd4
Kc7 53. Ke5 Bd3 54. Kf6 Be4 55. Kg5 Bxg2 56. Rxg6 Bf3 57. Rh6 1-0

[Event "Eastpointe (EDO/1b/6)"]
[Site "?"]
[Date "1994.??.??"]
[Round "?"]
[White "Kulbacki, James"]
[Black "West, Tony"]
[Result "1-0"]
[WhiteElo "2015"]
[BlackElo "1605"]
[PlyCount "41"]
[EventDate "1994.??.??"]

1. f4 e5 2. Nh3 exf4 3. Nxf4 Bc5 4. d4 Bb6 5. e4 d6 6. Bc4 Qd7 7. O-O Nf6 8.
Nc3 Nc6 9. Nfd5 Bxd4+ 10. Kh1 Qd8 11. Nb5 Bb6 12. Bg5 Ne5 13. Nxf6+ gxf6 14.
Bxf6 Qd7 15. Bxe5 dxe5 16. Bxf7+ Ke7 17. Qh5 Qxb5 18. Qg5+ Kd6 19. Rad1+ Bd4
20. Rxd4+ Kc6 21. Qf6+ 1-0

[Event "Detroit (MI Op/2/21)"]
[Site "?"]
[Date "1994.??.??"]
[Round "?"]
[White "Kulbacki, James"]
[Black "Tate, E."]
[Result "0-1"]
[WhiteElo "2005"]
[BlackElo "2435"]
[PlyCount "86"]
[EventDate "1994.??.??"]

{2/(21)} 1. d4 Nf6 2. Nf3 c5 3. d5 g6 4. c4 b5 5. cxb5 a6 6. Nc3 axb5 7. Nxb5
Ba6 8. Nc3 Bg7 9. Nd2 e6 10. e4 exd5 11. Bxa6 Nxa6 12. exd5 Qe7+ 13. Qe2 Qxe2+
14. Kxe2 O-O 15. Nc4 Rfe8+ 16. Be3 Nb4 17. Rhd1 Ne4 18. Nxe4 Rxe4 19. Nd6 Re5
20. Nc4 Rxd5 21. Rxd5 Nxd5 22. Rd1 Nxe3 23. fxe3 Ra4 24. b3 Rxa2+ 25. Kf3 Ra7
26. Nb6 Rb7 27. Nxd7 Bd4 28. exd4 Rxd7 29. d5 Kf8 30. d6 Ke8 31. Ke4 Rb7 32.
Rd3 Kd7 33. Kd5 Rb6 34. Ke5 Rb4 35. g3 f5 36. h4 Rg4 37. Kd5 f4 38. gxf4 Rxf4
39. Kxc5 Rxh4 40. Rd5 Rh3 41. b4 Rc3+ 42. Kb6 Ra3 43. b5 h5 $138 0-1

[Event "Detroit (MI Op/5/38)"]
[Site "?"]
[Date "1994.??.??"]
[Round "?"]
[White "Kulbacki, James"]
[Black "Meza, L."]
[Result "1-0"]
[WhiteElo "2005"]
[BlackElo "1750"]
[PlyCount "57"]
[EventDate "1994.??.??"]

{5/(38)} 1. f4 c5 2. g3 Nc6 3. Nf3 d5 4. b3 g6 5. Bb2 Nf6 6. Bg2 Bg7 7. O-O O-O
8. a4 c4 9. Kh1 cxb3 10. cxb3 Na5 11. Na3 Qb6 12. Nb5 a6 13. Bd4 Qd8 14. Nc3
Nc6 15. Bc5 d4 16. Na2 Bf5 17. Rc1 Ne4 18. Nb4 Nxc5 19. Nxc6 Qb6 20. Nce5 Be6
21. Nc4 Qc7 22. b4 Bxc4 23. Rxc4 Qd6 24. bxc5 Qd7 25. Qc2 Rac8 26. Rc1 Rc7 27.
c6 Qe6 28. cxb7 Rxb7 29. Nxd4 1-0

[Event "Detroit (MI Op/6/33)"]
[Site "?"]
[Date "1994.??.??"]
[Round "?"]
[White "Kulbacki, James"]
[Black "Harma, K."]
[Result "1-0"]
[WhiteElo "2005"]
[BlackElo "1845"]
[PlyCount "79"]
[EventDate "1994.??.??"]

{6/(33)} 1. b4 e5 2. Bb2 d6 3. c4 Be6 4. e3 Nf6 5. Nf3 h6 6. Nc3 Nbd7 7. Be2
Be7 8. O-O O-O 9. d4 exd4 10. Nxd4 Rc8 11. Nxe6 fxe6 12. Qc2 d5 13. cxd5 Nxd5
14. Qb3 c6 15. e4 Nf4 16. Bc4 Rf6 17. Ne2 Nxe2+ 18. Bxe2 Rg6 19. Bh5 Qe8 20.
Rad1 Nf8 21. Bxg6 Qxg6 22. Rfe1 Kh7 23. Rd3 Bf6 24. Rg3 Qh5 25. Bxf6 gxf6 26.
Qd3 Rc7 27. Qd8 Qf7 28. Rd1 Rd7 29. Rxd7 Qxd7 30. Rd3 Qf7 31. g3 a6 32. a4 Kg6
33. f4 Kh5 34. Kg2 e5 35. f5 Nh7 36. Rd7 Qa2+ 37. Rd2 Qc4 38. Qe8+ Kg4 39. Qg6+
Ng5 40. h3# 1-0

[Event "Eastpointe (EDO/3/4)"]
[Site "?"]
[Date "1994.??.??"]
[Round "?"]
[White "Kulbacki, James"]
[Black "Calton, Bill"]
[Result "0-1"]
[WhiteElo "2015"]
[BlackElo "2170"]
[PlyCount "92"]
[EventDate "1994.??.??"]

{3/(4)} 1. d4 Nf6 2. Nf3 e6 3. c4 b6 4. g3 Bb7 5. Bg2 Bb4+ 6. Bd2 Qe7 7. a3
Bxd2+ 8. Qxd2 c5 9. O-O Nc6 10. Nc3 Na5 11. Qd3 d5 12. Ne5 dxc4 13. Nxc4 Bxg2
14. Kxg2 Nb3 15. Rad1 Nxd4 16. e3 Nf5 17. g4 Nh4+ 18. Kg3 g5 19. Nd6+ Kf8 20.
Nce4 Nd5 21. f4 Rd8 22. Nxf7 Kxf7 23. Nxg5+ Kg7 24. e4 h6 25. Nxe6+ Qxe6 26.
exd5 Qf6 27. d6 Ng6 28. Qc3 Qxc3+ 29. bxc3 Rhe8 30. Rf3 Nh8 31. f5 Kf6 32. h4
Nf7 33. Kf4 Rd7 34. Rfd3 Red8 35. c4 a5 36. a4 Rxd6 37. g5+ hxg5+ 38. hxg5+ Kg7
39. Rxd6 Rxd6 40. Rxd6 Nxd6 41. Ke5 Nxc4+ 42. Ke6 Ne3 43. f6+ Kf8 44. g6 c4 45.
g7+ Kg8 46. Kd7 Nf5 0-1

[Event "Detroit (MOR/4/56)"]
[Site "?"]
[Date "1994.??.??"]
[Round "?"]
[White "Krzyston, Joe"]
[Black "Troupe, D."]
[Result "0-1"]
[WhiteElo "1605"]
[BlackElo "1605"]
[PlyCount "72"]
[EventDate "1994.??.??"]

{4/(56)} 1. e4 e5 2. Nf3 Nc6 3. Bb5 Nge7 4. O-O a6 5. Ba4 d6 6. c3 Bg4 7. h3
Bh5 8. d3 h6 9. Be3 d5 10. g4 Bg6 11. Nxe5 Qd6 12. Bxc6+ Nxc6 13. Nxc6 Qxc6 14.
f4 f6 15. e5 O-O-O 16. f5 Be8 17. e6 g6 18. Qf3 g5 19. Bd4 Be7 20. Nd2 Qd6 21.
Qf2 h5 22. c4 b6 23. Qg2 hxg4 24. c5 bxc5 25. Nc4 Qc6 26. Qxg4 cxd4 27. Rac1
dxc4 28. Rxc4 Qd5 29. Re1 Rh4 30. Qg3 Bd6 31. Qf2 Rxh3 32. Re4 Rxd3 33. Qc2
Qxe4 34. Rxc7+ Bxc7 35. Qc4 Rg3+ 36. Kf1 Bb5 0-1

[Event "Detroit (MOR/5/57)"]
[Site "?"]
[Date "1994.??.??"]
[Round "?"]
[White "Krzyston, Joe"]
[Black "Simmons, P."]
[Result "0-1"]
[WhiteElo "1605"]
[BlackElo "1605"]
[PlyCount "120"]
[EventDate "1994.??.??"]

{5/(57)} 1. e4 d5 2. exd5 Nf6 3. Nc3 Nxd5 4. Ne4 Nc6 5. Bb5 Bd7 6. Nf3 a6 7.
Bc4 e6 8. O-O b5 9. Bxd5 exd5 10. Ng3 Bd6 11. Re1+ Be6 12. d3 Bxg3 13. hxg3 O-O
14. Ng5 Qf6 15. Qh5 Bf5 16. g4 Bg6 17. Qh3 Rfe8 18. Rxe8+ Rxe8 19. Be3 d4 20.
Ne4 Bxe4 21. g5 Qg6 22. Re1 f6 23. Qd7 dxe3 24. dxe4 fxg5 25. Rxe3 Ne5 26. Qxc7
Nc4 27. Rd3 Ne5 28. Rd5 Qe6 29. Rd3 Qe7 30. Qxe7 Rxe7 31. Rd8+ Kf7 32. Rd6 Re6
33. Rd5 Kf6 34. c3 Nc4 35. b3 Nb6 36. Rf5+ Kg6 37. f3 g4 38. Rf4 gxf3 39. gxf3
h5 40. Kg2 Nd7 41. Kg3 Ne5 42. Kh4 Nxf3+ 43. Rxf3 Rxe4+ 44. Kh3 Kg5 45. Rd3
Rh4+ 46. Kg3 Rg4+ 47. Kh3 Rf4 48. Rd5+ Rf5 49. Rxf5+ Kxf5 50. Kh4 g5+ 51. Kg3
h4+ 52. Kh3 Kf4 53. a4 g4+ 54. Kg2 h3+ 55. Kh2 g3+ 56. Kh1 Kf3 57. Kg1 h2+ 58.
Kh1 Kf2 59. c4 g2+ 60. Kxh2 g1=Q+ 0-1

[Event "Detroit (MOR/2/49)"]
[Site "?"]
[Date "1994.??.??"]
[Round "?"]
[White "Krzyston, Joe"]
[Black "Carpenter, George"]
[Result "1-0"]
[WhiteElo "1605"]
[BlackElo "1605"]
[PlyCount "59"]
[EventDate "1994.??.??"]

{2/(49)} 1. e4 d6 2. Nf3 Nf6 3. Nc3 g6 4. d3 Bg7 5. Be2 O-O 6. O-O Nbd7 7. Be3
c6 8. Qd2 Qc7 9. d4 b5 10. Bh6 Bb7 11. Bxg7 Kxg7 12. Bd3 a6 13. Ne2 c5 14. Ng3
cxd4 15. Rfe1 e5 16. Qg5 Kh8 17. h3 Qd8 18. Nh2 Nc5 19. Ng4 Nxg4 20. Qxg4 Bc8
21. Qf3 Nxd3 22. Qxd3 d5 23. c3 dxe4 24. Qxe4 Bf5 25. Nxf5 gxf5 26. Qxe5+ f6
27. Qxd4 Qc7 28. Rad1 Rad8 29. Qb4 Rxd1 30. Qxf8# 1-0

[Event "Detroit (Class A/3/14)"]
[Site "?"]
[Date "1994.??.??"]
[Round "?"]
[White "Krevinko, S."]
[Black "Rosenberg, Steve"]
[Result "0-1"]
[WhiteElo "1940"]
[BlackElo "1805"]
[PlyCount "88"]
[EventDate "1994.??.??"]

{3/(14)} 1. e4 Nf6 2. e5 Nd5 3. d4 d6 4. Nf3 dxe5 5. c4 Nb6 6. Nxe5 Nc6 7. Be3
Nxe5 8. dxe5 Qxd1+ 9. Kxd1 Bf5 10. a3 e6 11. Nc3 Rd8+ 12. Ke1 Be7 13. h3 O-O
14. g4 Bg6 15. Nb5 Nd7 16. Bf4 c6 17. Nd6 f6 18. Nxb7 Rb8 19. Na5 Rxb2 20. Nxc6
Bc5 21. Be3 Bxe3 22. fxe3 Nxe5 23. Ne7+ Kf7 24. Nxg6 Kxg6 25. Be2 Rd8 26. Rf1
Rdd2 27. Rf2 Kf7 28. Kf1 Nxc4 29. Rc1 Nxe3+ 30. Ke1 Rdc2 31. Ra1 Nc4 32. a4 Ne5
33. Kf1 Nd3 34. Rf3 Rxe2 35. Rxd3 Rf2+ 36. Kg1 Rfd2 37. Rxd2 Rxd2 38. Rb1 a5
39. Rb7+ Kg6 40. h4 Ra2 41. h5+ Kh6 42. Re7 Rxa4 43. Rxe6 Rxg4+ 44. Kf2 Kxh5
0-1

[Event "Detroit (Class A/1/7)"]
[Site "?"]
[Date "1994.??.??"]
[Round "?"]
[White "Krevinko, S."]
[Black "Bemben, R."]
[Result "0-1"]
[WhiteElo "1940"]
[BlackElo "1860"]
[PlyCount "76"]
[EventDate "1994.??.??"]

{1/(7)} 1. e4 c5 2. f4 Nc6 3. Nf3 g6 4. Nc3 Bg7 5. d3 e6 6. Bd2 Nge7 7. Be2 d5
8. e5 a6 9. O-O O-O 10. Qe1 Nf5 11. Qf2 Nfd4 12. Bd1 Nxf3+ 13. Qxf3 b5 14. Ne2
Qb6 15. c3 Bd7 16. Qf2 Rab8 17. d4 cxd4 18. cxd4 Rfc8 19. h3 Bf8 20. Kh2 Rb7
21. a3 b4 22. a4 Rbc7 23. b3 Bg7 24. Qe3 f6 25. Rf3 Rf8 26. Qd3 fxe5 27. fxe5
Rxf3 28. Qxf3 Nxe5 29. Qg3 Nc6 30. Rc1 e5 31. Qg5 Rc8 32. Kh1 Rf8 33. dxe5 Rf5
34. Qh4 Rf1+ 35. Kh2 Bxe5+ 36. Bf4 Bxf4+ 37. Nxf4 Qg1+ 38. Kg3 Qf2+ 0-1

[Event "Grand Rapids (MI Am/5/12)"]
[Site "?"]
[Date "1994.??.??"]
[Round "?"]
[White "Kreger, David"]
[Black "Welch, Joseph"]
[Result "1-0"]
[WhiteElo "1605"]
[BlackElo "1605"]
[PlyCount "67"]
[EventDate "1994.??.??"]

{5/(12)} 1. Nf3 Nf6 2. b3 g6 3. Bb2 Bg7 4. e4 d6 5. Bb5+ c6 6. Be2 O-O 7. d3 e5
8. c4 c5 9. h4 h5 10. Ng5 Ng4 11. Bc1 Nc6 12. f3 Nh6 13. g4 hxg4 14. fxg4 Qd7
15. Rg1 Nd4 16. Nc3 Nxe2 17. Qxe2 Nxg4 18. Nd5 Nf6 19. Nxf6+ Bxf6 20. h5 Qe7
21. Bd2 Bg7 22. Qh2 Rd8 23. hxg6 f5 24. Qh7+ Kf8 25. exf5 Bxf5 26. Rf1 Qf6 27.
Ne4 Qe6 28. Bh6 Rd7 29. Qh8+ Qg8 30. Rxf5+ Ke7 31. Bg5+ Ke6 32. Rf6+ Ke7 33.
Rf7+ Ke6 34. Qh3# 1-0